Normal view
MARC view
Entry Topical Term
001 - CONTROL NUMBER
- control field: 32429
003 - CONTROL NUMBER IDENTIFIER
- control field: dpl
005 - DATE AND TIME OF LATEST TRANSACTION
- control field: 20110810164735.0
008 - FIXED-LENGTH DATA ELEMENTS
- fixed length control field: 110810|||a|||||| | ||| d
040 ## - CATALOGING SOURCE
- Original cataloging agency: dpl
- Transcribing agency: dpl
150 ## - HEADING--TOPICAL TERM
- Topical term or geographic name as entry element: Education
- Geographic subdivision: India
670 ## - SOURCE DATA FOUND
- Source citation: Work cat.: (dpl)14728: Singh, M.S. 32428, New trends in education / , 2007
670 ## - SOURCE DATA FOUND
- Source citation: Work cat.: (dpl)14728: Singh, M.S. 32428, New trends in education / , 2007
